Matematika 1 /
Uložené v:
| Hlavní autori: | , |
|---|---|
| Médium: | Kniha |
| Jazyk: | Slovak |
| Vydavateľské údaje: |
Bratislava :
Ekonómia,
2006
|
| Vydanie: | 3. doplnené a prepracované vydanie |
| Tagy: |
Žiadne tagy, Buďte prvý, kto otaguje tento záznam!
|
MARC
| LEADER | 00000nam a22000003a 4500 | ||
|---|---|---|---|
| 001 | 0114530 | ||
| 003 | SK-STU | ||
| 005 | 20250306104737.1 | ||
| 007 | ta | ||
| 008 | 250305s ----xo-----e------000-0-----d | ||
| 020 | |a 80-8078-091-9 | ||
| 040 | |a STU |b slo | ||
| 041 | 0 | |a slo | |
| 044 | |a xo | ||
| 080 | |a 51.3 | ||
| 100 | 1 | |a Fecenko, Jozef |4 aut | |
| 245 | 1 | 0 | |a Matematika 1 / |c aut. Jozef Fecenko, Ľudovít Pinda |
| 250 | |a 3. doplnené a prepracované vydanie | ||
| 260 | |a Bratislava : |b Ekonómia, |c 2006 | ||
| 300 | |a 318 s. | ||
| 700 | 1 | |a Pinda, Ľudovít |4 aut | |
| 996 | |b 284EK90981 |c E* 90981 |l EE01 |s A |a 24 |w 0114530_0001 | ||